| 000 | 00711cam a22002413a 4500 | ||
|---|---|---|---|
| 001 | 9899 | ||
| 003 | PGUSA | ||
| 005 | 20140828083217.0 | ||
| 008 | 060201s2006||||xxu|||||s|||||000 1 eng d | ||
| 040 |
_aPGUSA _beng |
||
| 042 | _adc | ||
| 050 | 4 | _aPZ | |
| 100 | 1 |
_aTomlinson, Paul G. _q(Paul Greene), _d1888- |
|
| 245 | 1 | 0 |
_aBob Cook and the German Spy _h[electronic resource] / _cPaul G. Tomlinson |
| 260 |
_bProject Gutenberg, _c2006 |
||
| 506 | _aPublic domain in the USA. | ||
| 516 | _aElectronic text | ||
| 653 | _aWorld War, 1914-1918 -- Juvenile fiction | ||
| 653 | _aSpies -- Juvenile fiction | ||
| 830 | 0 |
_aProject Gutenberg _v9899 |
|
| 856 | 4 | 0 | _uhttp://www.gutenberg.org/ebooks/9899 |
| 942 | _cEB | ||
| 999 |
_c239155 _d239155 |
||